[Event "1st Gujarat GM Open 2018"]
[Site "Ahmedabad"]
[Date "2018.10.10"]
[Round "8"]
[White "Neelotpal, Das"]
[Black "Kravtsiv, Martyn"]
[Result "0-1"]
[WhiteElo "2436"]
[BlackElo "2654"]
[Annotator "TA"]
[PlyCount "114"]
[EventDate "2018.10.05"]
[EventType "swiss"]
[EventCountry "IND"]
[SourceTitle "playchess.com"]
[Source "ChessBase"]
[SourceQuality "1"]

{[%evp 20,114,34,29,27,23,39,30,45,-6,-17,-14,-25,-29,0,0,0,-5,0,0,0,0,0,0,0,0,0,0,0,-12,-13,-52,-39,-50,-49,-92,-31,-33,-32,-103,-113,-149,-126,-128,-91,-106,-104,-151,-152,-157,-149,-172,-135,-130,-146,-358,-362,-596,-603,-606,-606,-582,-503,-452,-222,-224,-185,-297,-303,-726,-251,-286,-273,-406,-368,-522,-524,-519,-519,-568,-337,-334,-343,-526,-533,-516,-524,-520,-519,-543,-543,-518,-530,-620,-623,-29993,-6227]} 1. e4 e5 2. Nf3 Nc6 3. Bc4 Nf6 4. d3 Be7 5. O-O O-O 6. Re1 d6 7. a4 Na5 8. Ba2 {C55: Two Knights: 4 d3, 4 d4 exd4 5 e5 and Max Lange Attack} c5 9. Na3 a6 10. c3 Nc6 11. h3 {LiveBook: 3 Games} Rb8 $146 ({Predecessor:} 11... Bd7 12. Bd2 Rb8 13. Nc2 b5 14. axb5 axb5 15. Ne3 h6 {1-0 (47) Ragger,M (2668)-Kessler,L (2415) Switzerland 2018}) 12. Bd2 b5 13. axb5 axb5 14. b4 ({Better is} 14. Nc2 $14) 14... cxb4 $11 15. cxb4 d5 16. Qb3 {[%cal Re4d5]} dxe4 (16... Be6 $5 {[%cal Rd5e4]} 17. Ng5 Kh8 $15) 17. dxe4 Be6 18. Qb2 Bxa2 19. Rxa2 Qd6 {[%cal Rc6b4]} 20. Nc2 Ra8 21. Bc3 Qe6 22. Rxa8 Rxa8 23. Na3 (23. Bxe5 Ra2 $17) 23... Nh5 24. Bd2 (24. Nxe5 Nxe5 25. Bxe5 Rxa3 $1 $17 {[%mdl 512]}) 24... Rb8 {[%cal Ba8b8,Bb8d8,Bd8d3,Bd3b3][%mdl 32]} 25. Nc2 h6 26. Qc3 Rd8 27. Ra1 {Black should prevent Ra6.} Nf6 ({Black should try} 27... Nf4 $1 $17 {[%cal Rf4e2]} 28. Bxf4 exf4) 28. Re1 $1 $15 Bf8 29. Qb2 (29. Re2 $15) 29... Rd3 $17 30. Bc3 Qc4 $36 {[%mdl 2048] Black is in control.} 31. Bxe5 Rb3 32. Ne3 Qxb4 33. Qa1 Nxe5 ({Much weaker is} 33... Nxe4 $6 34. Bxg7 $1 {[%mdl 512]} Bxg7 35. Qa8+ Bf8 36. Qxc6 $11) 34. Qxe5 Rb1 35. Nc2 Rxe1+ 36. Nfxe1 Qa4 ({But not} 36... Qxe4 $6 37. Qxb5 Bd6 38. Ne3 $11) 37. f3 $2 (37. Ne3 $17) 37... b4 $19 38. Qa1 $2 (38. Qd4 Qb5 39. Nd3) 38... Qb5 39. Nd4 Bc5 40. Kh2 Bd6+ 41. Kg1 Qb6 (41... Qc4 $142 42. Nf5 Bc5+ 43. Kh2 b3) 42. Nd3 Bb8 43. Nc1 {[#]} (43. Kf1 $142) 43... Nh5 $1 44. Qb2 $2 (44. Ncb3 Nf4 45. Kh1) 44... Qd6 $2 (44... Be5 45. Ncb3 Nf4) 45. Nce2 Ba7 {And now ...Ng3 would win.} 46. Kf1 {[#]} (46. Qa1 {is a better defense.} Bb6 47. Kh1) 46... Nf4 $1 {[%cal Rf4e2]} 47. Qa1 (47. Qc1 $142 Bxd4 48. Qxf4 Qxf4 49. Nxf4) 47... Nxe2 48. Nxe2 b3 {[%cal Bb4b3,Bb3b2][%mdl 32]} 49. Ke1 Qb6 {Strongly threatening ...b2.} 50. Qc3 {intending Qc8+.} Kh7 {...b2 is the strong threat.} ({Less strong is} 50... b2 51. Qc8+ Kh7 52. Qf5+ Qg6 53. Nc3 $17) 51. Qc8 (51. Qe5 {was worth a try.} Qb4+ 52. Kd1) 51... Qa5+ 52. Qc3 Qa2 53. e5 b2 54. Qc2+ g6 55. Nc3 Qa3 56. Kd2 Bd4 57. Ne2 Qb4+ {Precision: White = 32%, Black = 74%.} (57... Be3+ $142 58. Ke1 Qa1+ 59. Qd1 Qxd1+ 60. Kxd1 b1=Q+ 61. Nc1 Qxc1+ 62. Ke2 Qd2+ 63. Kf1 Qf2#) 0-1

[Event "1st Gujarat GM Open 2018"]
[Site "Ahmedabad"]
[Date "2018.10.10"]
[Round "8"]
[White "Akash G"]
[Black "Popov, Ivan"]
[Result "1/2-1/2"]
[WhiteElo "2424"]
[BlackElo "2611"]
[Annotator "TA"]
[PlyCount "81"]
[EventDate "2018.10.05"]
[EventType "swiss"]
[EventCountry "IND"]
[SourceTitle "playchess.com"]
[Source "ChessBase"]
[SourceQuality "1"]

{[%evp 21,81,9,21,0,2,-21,-2,-39,-29,-35,-34,-37,-34,-45,-40,-22,-16,-22,-17,-30,-17,-25,-26,-111,-91,-95,-95,-108,-99,-142,-129,-128,-133,-124,-98,-141,-120,-108,-113,-164,-146,-137,-136,-197,-112,-151,-122,-181,-155,-155,-155,-153,-150,-142,0,0,0,0,0,0,0,0]} 1. e4 e5 2. Nf3 Nc6 3. Bb5 {[%cal Bf1b5,Bb5a4,Ba4b3][%mdl 32]} a6 4. Ba4 Nf6 5. O-O Nxe4 6. d4 b5 7. Bb3 d5 8. dxe5 Be6 9. Qe2 Nc5 10. Rd1 Nxb3 11. axb3 Be7 12. c3 {C81: Open Ruy Lopez: Keres Variation (9 Qe2)} (12. c4 b4 13. cxd5 Bxd5 14. Qd3 Be4 15. Qe2 Bd5 16. Rxa6 Rxa6 17. Qxa6 O-O 18. Qb5 Bc4 19. Rxd8 Bxb5 20. Rxf8+ Kxf8 {½-½ (54) Jones,G (2666)-Anton Guijarro,D (2652) Linares 2018}) 12... O-O 13. Nd4 $146 ({Predecessor:} 13. h3 Qc8 14. Bg5 f6 15. exf6 Bxf6 16. Bxf6 Rxf6 17. Kh2 Qf8 18. Nbd2 Re8 19. Qf1 {1-0 (39) Maroczy,G-Euwe,M Amsterdam 1920}) 13... Qd7 14. Na3 Nxd4 15. cxd4 c5 16. dxc5 Bxc5 17. Be3 $1 {[%cal Re3c5]} d4 18. Nc2 {[%cal Re3d4]} Bxb3 {Threatens to win with ...Qd5.} 19. Bxd4 Qe7 $36 {[%mdl 2048] Black is more active.} 20. Rd2 Rac8 {...Bxc2 is the strong threat.} 21. Bxc5 Rxc5 22. Re1 (22. f4 $11 {remains equal.}) 22... Rfc8 $1 $17 {[%cal Rb3c2]} 23. Ne3 Qxe5 24. f4 Qe6 ({Inferior is} 24... Qxf4 25. Qd3 $16) 25. Qd3 {[#] aiming for f5.} Rd5 $1 {[%mdl 512]} 26. Qe2 (26. Nxd5 Qxe1+) 26... Rxd2 27. Qxd2 f6 28. h3 Qe4 29. Ng4 Qd5 30. Qf2 (30. Qxd5+ $17 Bxd5 31. Ne3) 30... Rc2 31. Qg3 Kf8 {[#]} 32. Kh2 (32. f5 $1 $17 {[%mdl 512] keeps fighting.} Qc5+ (32... Qxf5 33. Qxb3) 33. Kh1) 32... Rd2 ({Black should play} 32... Rxb2 $19 33. Ne3 Qd2) 33. Ne3 Qd7 34. Ng4 (34. Nf5 $17 Qxf5 35. Qe3) 34... Bf7 ({Not} 34... Rxb2 35. Qc3 $18) 35. Qc3 h5 36. Nxf6 gxf6 37. Qxf6 Qd5 (37... Qd6 $17 38. Qh8+ Bg8) 38. Qh8+ $11 {The position is equal.} Bg8 {[%csl Gd2][%cal Rd5g2]} 39. Qf6+ Bf7 $1 {[%csl Gd2][%cal Rd5g2]} ({Wrong is} 39... Qf7 $2 40. Qh6+ Qg7 {[#]} 41. Re8+ $1 {[%mdl 512]} Kxe8 42. Qxg7 $18) 40. Qh8+ Bg8 {[%csl Gd2][%cal Rd5g2]} 41. Qf6+ {Precision: White = 41%, Black = 64%.} 1/2-1/2

[Event "1st Gujarat GM Open 2018"]
[Site "Ahmedabad"]
[Date "2018.10.10"]
[Round "8"]
[White "Rakesh Kumar Jena"]
[Black "Tukhaev, Adam"]
[Result "1/2-1/2"]
[WhiteElo "2388"]
[BlackElo "2556"]
[Annotator "TA"]
[PlyCount "61"]
[EventDate "2018.10.05"]
[EventType "swiss"]
[EventCountry "IND"]
[SourceTitle "playchess.com"]
[Source "ChessBase"]
[SourceQuality "1"]

{[%evp 13,61,26,35,8,26,38,33,0,14,2,3,0,0,0,0,11,14,-110,-114,-120,-119,-197,-198,-189,-206,-187,-172,-377,-387,-427,-179,-746,-741,-678,0,0,0,0,0,0,0,0,0,0,0,0,0,0,0,0]} 1. e4 d6 2. d4 Nf6 3. Nc3 g6 4. Be3 a6 5. Qd2 (5. h3 Bg7 6. Nf3 O-O 7. a4 Nc6 8. Be2 e6 9. O-O b6 10. d5 exd5 11. exd5 Ne7 12. Bc4 Bb7 13. Qd2 Nf5 14. Bf4 Qd7 15. Rfe1 Rfe8 16. Rxe8+ Rxe8 17. Re1 Rxe1+ 18. Qxe1 {½-½ (63) Caruana,F (2799)-Grischuk,A (2782) Saint Louis 2017}) 5... b5 6. f3 {B07: Pirc Defence: Miscellaneous Systems} Nbd7 7. a4 b4 {LiveBook: 13 Games} 8. Nce2 {White is slightly better.} Bg7 $146 ({Predecessor:} 8... Rb8 9. g4 Bb7 10. h4 e5 11. h5 exd4 12. Nxd4 Bg7 {0-1 (43) Ghosh,D (2485)-Jones,G (2650) Dubai 2014}) 9. g4 {[%cal Bg2g4,Bg4h5,Bh5h6][%mdl 32]} c5 10. a5 (10. g5 $5 {[%cal Rg5f6]}) 10... O-O 11. h4 h5 12. Ng3 {Black should prevent gxh5.} cxd4 13. Bxd4 Qc7 $36 {[%mdl 2048] Black is more active.} 14. gxh5 {h6 is the strong threat.} d5 $1 {[%cal Bd6d5,Bd5e4][%mdl 32]} 15. Nf5 (15. h6 $11 {remains equal.} Qxg3+ 16. Bf2) 15... gxf5 $17 16. h6 {[#] And now Qg5 would win.} Nxe4 $1 17. fxe4 (17. Qg2 $17 {was called for.} Qg3+ 18. Qxg3 Nxg3 19. hxg7) 17... Bxd4 $19 18. Qxd4 {[%csl Gh6][%cal Rd4g7]} Qg3+ 19. Kd1 dxe4 20. Qxb4 $2 (20. Ne2 {keeps fighting.} Qe5 21. Ra4) 20... Nf6 21. Qxe7 {[#] Threatens to win with Ne2.} f4 (21... Be6 $142 22. Qxf6 Rfd8+ 23. Bd3 exd3 24. Qg5+ Qxg5 25. hxg5 dxc2+ 26. Ke1 Rab8) 22. c4 $2 (22. Qxf6 {is a self mate.} Bg4+ 23. Nf3 Qxf3+ 24. Be2 Rfd8+ 25. Qxd8+ Rxd8+ 26. Kc1 Qxh1+ 27. Bf1 Qxf1#) (22. Bc4 Qg6 23. Ne2) 22... Bg4+ 23. Kc2 Rab8 $2 (23... Qf2+ $19 24. Ne2 Bxe2 25. Bxe2 Qxe2+ 26. Kb1 Qd3+ 27. Ka2 Qxc4+ 28. Kb1 Qd3+ 29. Ka2 Qd8 30. Rag1+ Kh7) 24. Qxf6 $11 {[%csl Gh6][%cal Rf6g7] The position is equal.} Qb3+ 25. Kb1 {[%csl Gh6][%cal Rf6g7]} Qd1+ 26. Ka2 {[%csl Gh6][%cal Rf6g7]} Qb3+ 27. Kb1 {[%csl Gh6][%cal Rf6g7]} Qd1+ 28. Ka2 {[%csl Gh6][%cal Rf6g7]} Qb3+ 29. Kb1 {[%csl Gh6][%cal Rf6g7]} Qd1+ 30. Ka2 {[%csl Gh6][%cal Rf6g7]} Qb3+ 31. Kb1 {Precision: White = 29%, Black = 56%.} 1/2-1/2

[Event "1st Gujarat GM Open 2018"]
[Site "Ahmedabad"]
[Date "2018.10.10"]
[Round "8"]
[White "Sai Agni Jeevitesh, J."]
[Black "Singh, D.P."]
[Result "1-0"]
[WhiteElo "2362"]
[BlackElo "2132"]
[Annotator "TA"]
[PlyCount "133"]
[EventDate "2018.10.05"]
[EventType "swiss"]
[EventCountry "IND"]
[SourceTitle "playchess.com"]
[Source "ChessBase"]
[SourceQuality "1"]

{[%evp 15,133,106,97,103,104,107,210,193,201,100,166,118,113,115,110,75,96,50,76,72,71,62,64,66,71,59,65,66,73,64,72,71,75,64,87,95,90,70,72,60,61,66,71,50,54,35,37,31,22,22,118,113,88,97,158,155,158,146,153,157,170,79,71,64,91,67,68,69,201,203,270,271,359,349,522,510,442,298,413,411,838,756,1054,1080,993,958,1647,972,1647,1536,1698,1647,1647,1123,1112,289,281,123,1051,8,1669,1647,1434,1074,1480,1427,1419,1419,1343,1147,1006,918,608,584,29956,29957,5910,12798,6131,4930]} 1. d4 d5 2. c4 e6 3. Nc3 Nf6 4. cxd5 exd5 5. Bg5 Be7 6. e3 O-O 7. Bd3 b6 8. Bxf6 Bxf6 9. Qh5 {[%csl Gd3][%cal Rh5h7] D35: Queen's Gambit Declined: Exchange Variation} g6 10. Qxd5 Qxd5 (10... c6 $16 11. Qf3 Bb7) 11. Nxd5 $18 {White is clearly better.} Bd8 {[#]} 12. Nf3 (12. Nxc7 $1 $18 Bb7 13. Nxa8 Bxg2 14. Ke2 Bxh1 15. Nf3) (12. Be4 c6 13. Nb4 Bb7 14. Rc1 a5 15. Nxc6 Nxc6 16. Bxc6 Rc8 {1-0 (51) Gladyszev,O (2448)-Popov,V (2542) Elets 2008}) 12... Nd7 $146 (12... c6 $16) ({Predecessor:} 12... Bb7 13. Nc3 Nd7 14. O-O Bf6 15. Be4 c6 16. Rfd1 Rfd8 {1-0 (29) Valdes Escobar,A (2419)-Goiriz,Y (2093) Asuncion 2011}) 13. Bb5 c5 14. Bc6 Rb8 15. Nc3 cxd4 16. exd4 Nf6 17. O-O a6 18. Rfe1 b5 19. h3 Ba5 20. Rac1 Kg7 21. Red1 Rd8 22. Ne4 Nd5 23. Bxd5 Rxd5 24. Ne5 {Threatens to win with Nc6.} Bb6 25. Nc6 Rb7 26. Nb4 Rd8 27. Rxc8 Rxc8 28. Nd6 Rbc7 29. Nxc8 Rxc8 $16 {[%mdl 4096] Endgame KRB-KRN} 30. d5 Rc4 31. Nxa6 Rc2 32. b4 Rxf2 (32... Bxf2+ $11 33. Kh2 Rxa2) 33. Nc5 Rxa2 34. d6 Kf6 (34... Ra4 $142) 35. Kf1 Bd8 36. Re1 Kg7 37. Re8 Bh4 38. g3 (38. d7 $18) 38... Bxg3 39. d7 Bh4 40. d8=Q Bxd8 41. Rxd8 $14 {KRN-KR} Rb2 {[#]} ({Better is} 41... Rh2 $1 $14) 42. Nd3 $1 $18 {[%cal Rd3b2]} Rc2 43. Rd5 Rd2 44. Ke1 Rg2 (44... Rh2 $142 45. Nf2 (45. Rxb5 Rxh3 46. Kd2 h5 $18) 45... Rg2) 45. Rxb5 Rg3 46. Nf2 g5 47. Rb8 h5 (47... Rg1+ $142 48. Ke2 h5) 48. b5 {[%cal Bb4b5,Bb5b6,Bb6b7][%mdl 32]} f5 49. b6 Rb3 50. b7 g4 51. hxg4 fxg4 52. Kf1 Rb2 53. Nd3 Rb1+ 54. Kf2 h4 55. Ke3 $2 (55. Nf4 {Nh5+ is the strong threat.} Rb2+ 56. Kf1) 55... Rb3 56. Kd4 (56. Ke2 $18 {has better winning chances.}) 56... g3 $2 {[%mdl 8192]} (56... h3 $16 57. Nf2 h2) 57. Kc4 $2 (57. Nf4 $18 {aiming for Ng2.} Kh7 58. Nh3) 57... Rb6 $2 {[%mdl 8192]} (57... g2 $11 58. Kxb3 g1=Q 59. Rg8+ Kxg8 60. b8=Q+ Kh7) 58. Nf4 Kh7 59. Kc5 Rb1 60. Kc6 Rc1+ 61. Kd5 {Threatening mate with Rh8+!} Rb1 62. Ke4 Rb3 63. Nh3 Rb4+ 64. Kf3 Kg7 65. Ng1 Kh7 66. Kg2 Rb3 67. Kh3 {Precision: White = 59%, Black = 43%.} 1-0

[Event "1st Gujarat GM Open 2018"]
[Site "Ahmedabad"]
[Date "2018.10.10"]
[Round "8"]
[White "Siva Mahadevan"]
[Black "Matta, Vinay Kumar"]
[Result "1-0"]
[WhiteElo "2341"]
[BlackElo "2129"]
[Annotator "TA"]
[PlyCount "51"]
[EventDate "2018.10.05"]
[EventType "swiss"]
[EventCountry "IND"]
[SourceTitle "playchess.com"]
[Source "ChessBase"]
[SourceQuality "1"]

{[%evp 37,51,0,0,7,2,0,216,212,246,227,547,517,1037,1015,1016,1012]} 1. e4 e5 2. Nf3 Nc6 3. Bb5 a6 4. Ba4 Nf6 5. O-O Be7 6. Re1 b5 7. Bb3 d6 8. c3 O-O 9. h3 Na5 10. Bc2 c5 11. d4 Nd7 12. Nbd2 exd4 13. cxd4 Nc6 14. d5 Nce5 15. a4 {C96: Closed Ruy Lopez: Chigorin Defence: 11 d4, replies other than 11...Qc7} Rb8 (15... Bb7 16. Nxe5 Nxe5 17. f4 Ng6 18. Nf3 Re8 19. axb5 axb5 20. Rxa8 Qxa8 21. b3 Bd8 22. f5 Nf8 {1-0 (54) Shirov,A (2630)-Howell,D (2701) Douglas 2017}) 16. Nxe5 Nxe5 17. f4 Ng6 18. Nf3 Bh4 19. Rf1 Bg3 {LiveBook: 4 Games} 20. f5 {[%cal Bf4f5,Bf5f6][%mdl 32]} Ne5 21. Ng5 Bh4 $2 {[#]} (21... Nd7 $11) 22. f6 $1 $18 {[%mdl 512] Qh5 is the strong threat.} g6 {[#]} (22... gxf6 23. Nxh7) 23. Qd2 $146 {Threatens to win with Nxh7!} Bxg5 $2 (23... h6 {is tougher.}) 24. Qxg5 {Black must now prevent Qh6.White is clearly winning.} Kh8 (24... Nd7 $142 25. axb5 Rxb5) 25. Rf4 {Qh6 would kill now.} Qa5 26. Be3 1-0

[Event "1st Gujarat GM Open 2018"]
[Site "Ahmedabad"]
[Date "2018.10.10"]
[Round "8"]
[White "Sahoo, Utkal Ranjan"]
[Black "Alan Diviya Raj"]
[Result "1-0"]
[WhiteElo "2332"]
[BlackElo "2127"]
[Annotator "NA"]
[PlyCount "77"]
[EventDate "2018.10.05"]
[EventType "swiss"]
[EventCountry "IND"]
[SourceTitle "playchess.com"]
[Source "ChessBase"]
[SourceQuality "1"]
[TimeControl "5400+30"]

1. c4 {[%emt 0:00:00]} Nf6 {[%emt 0:00:00]} 2. Nc3 {[%emt 0:00:00]} e5 {[%emt 0:00:27]} 3. Nf3 {[%emt 0:00:37]} Nc6 {[%emt 0:04:43]} 4. g3 {[%emt 0:00:15]} Bc5 {[%emt 0:00:56]} 5. Bg2 {[%emt 0:01:45]} O-O {[%emt 0:00:38]} 6. O-O {[%emt 0:00:19]} d6 {[%emt 0:04:34]} 7. d3 {[%emt 0:03:04]} Be6 {[%emt 0:02:52]} 8. Bg5 {[%emt 0:07:11]} Bb4 {[%emt 0:13:43]} 9. Ne4 {[%emt 0:02:09]} d5 {[%emt 0:01:27]} 10. cxd5 {[%emt 0:05:50]} Bxd5 {[%emt 0:01:15]} 11. Bxf6 {[%emt 0:03:02]} gxf6 {[%emt 0:00:19]} 12. Nh4 {[%emt 0:00:31]} Be6 {[%emt 0:01:21]} 13. Qc1 {[%emt 0:18:43]} Be7 14. Nc5 {[%emt 0:04:56]} Nd4 {[%emt 0:08:13]} 15. Re1 {[%emt 0:00:18]} Bxc5 {[%emt 0:07:50]} 16. Qxc5 {[%emt 0:00:07]} c6 {[%emt 0:00:35]} 17. e3 {[%emt 0:17:05]} Nb5 $16 {[%emt 0:24:22]} 18. a4 {[%emt 0:10:19]} Qd6 {[%emt 0:01:28]} 19. Qc2 {[%emt 0:01:03]} Nc7 {[%emt 0:01:02]} 20. Be4 {[%emt 0:02:01]} Bd5 {[%emt 0:09:08]} 21. Nf5 {[%emt 0:09:51]} Qe6 {[%emt 0:00:34]} 22. Qe2 {[%emt 0:04:10]} Kh8 {[%emt 0:00:29]} 23. Qh5 {[%emt 0:00:11]} Bxe4 {[%emt 0:00:48]} 24. dxe4 {[%emt 0:00:02]} Ne8 {[%emt 0:02:53]} 25. Qh6 {[%emt 0:03:14]} Rg8 {[%emt 0:00:14]} 26. Rad1 {[%emt 0:00:57]} Ng7 {[%emt 0:01:25]} 27. Nd6 {[%emt 0:00:58]} b6 {[%emt 0:06:51]} 28. Rd2 {[%emt 0:00:45]} Ne8 {[%emt 0:04:13]} 29. Red1 {[%emt 0:00:37]} Ng7 {[%emt 0:01:01]} 30. Nb7 {[%emt 0:02:25]} Rab8 {[%emt 0:00:30]} 31. Nd8 {[%emt 0:00:48]} Qe7 {[%emt 0:00:41]} 32. Nxc6 {[%emt 0:00:24]} Qb7 {[%emt 0:00:53]} 33. Nxb8 {[%emt 0:00:09]} Qxb8 {[%emt 0:00:17]} 34. Qxf6 {[%emt 0:00:06]} Qc8 {[%emt 0:00:18]} 35. Rd8 {[%emt 0:00:16]} Qe6 {[%emt 0:00:25]} 36. Rxg8+ {[%emt 0:00:06]} Kxg8 {[%emt 0:00:03]} 37. Rd8+ {[%emt 0:00:05]} Ne8 {[%emt 0:00:04]} 38. Qxe6 {[%emt 0:00:05]} fxe6 {[%emt 0:00:09]} 39. Rxe8+ 1-0

[Event "1st Gujarat GM Open 2018"]
[Site "Ahmedabad"]
[Date "2018.10.10"]
[Round "8"]
[White "Mohammad Minhaz Uddin"]
[Black "Prasannaa.s"]
[Result "1-0"]
[WhiteElo "2328"]
[BlackElo "2124"]
[Annotator "NA"]
[PlyCount "125"]
[EventDate "2018.10.05"]
[EventType "swiss"]
[EventCountry "IND"]
[SourceTitle "playchess.com"]
[Source "ChessBase"]
[SourceQuality "1"]
[TimeControl "5400+30"]

1. e4 {[%emt 0:00:00]} e5 {[%emt 0:00:00]} 2. Nf3 {[%emt 0:00:00]} Nc6 {[%emt 0:00:00]} 3. d4 {[%emt 0:00:00]} exd4 {[%emt 0:00:00]} 4. Nxd4 {[%emt 0:00:00]} Nf6 {[%emt 0:00:00]} 5. Nc3 {[%emt 0:00:00]} Bb4 {[%emt 0:00:00]} 6. Nxc6 {[%emt 0:00:01]} bxc6 {[%emt 0:00:00]} 7. Bd3 {[%emt 0:00:05]} O-O {[%emt 0:00:04]} 8. O-O {[%emt 0:00:04]} d5 {[%emt 0:00:04]} 9. exd5 {[%emt 0:00:27]} cxd5 {[%emt 0:00:01]} 10. Bg5 {[%emt 0:00:11]} c6 {[%emt 0:00:06]} 11. Qf3 {[%emt 0:00:10]} h6 {[%emt 0:00:21]} 12. Bxf6 {[%emt 0:00:09]} Qxf6 {[%emt 0:00:02]} 13. Qxf6 {[%emt 0:00:02]} gxf6 {[%emt 0:00:09]} 14. Ne2 {[%emt 0:00:51]} Rb8 {[%emt 0:00:06]} 15. Ng3 {[%emt 0:09:34] C47: Scotch Four Knights and Four Knights with 4 g3} (15. Rad1 Bc5 16. b3 Bg4 17. h3 Bxe2 18. Bxe2 Rfe8 19. Bd3 Bb4 20. g4 d4 21. Kg2 Re5 22. Kf3 Rbe8 {½-½ (31) Zhou,W (2606)-Wei,Y (2727) China 2017}) 15... Ba5 {[%emt 0:00:36]} 16. Rab1 {[%emt 0:00:30]} Re8 {[%emt 0:00:07]} 17. Nh5 {[%emt 0:16:37]} Bd8 {[%emt 0:01:51]} 18. h3 $146 {[%emt 0:05:19]} ({Predecessor:} 18. Rfe1 Rxe1+ 19. Rxe1 Kf8 20. b3 Bg4 21. Ng3 Ba5 22. Rb1 Be6 {½-½ (75) Vogelmann,P (2320)-Tamm,U (2225) Germany 2000}) 18... Re5 {[%emt 0:05:16]} 19. g4 {[%emt 0:05:05]} Kf8 {[%emt 0:05:46]} 20. b3 {[%emt 0:06:45]} Be6 {[%emt 0:03:03]} 21. Kg2 {[%emt 0:06:00]} Ke7 {[%emt 0:05:27]} 22. f4 {[%emt 0:03:55]} Re3 {[%emt 0:00:11]} 23. Rbe1 {[%emt 0:00:03]} Rxe1 {[%emt 0:00:29]} 24. Rxe1 {[%emt 0:00:02]} Kd6 {[%emt 0:00:11]} 25. Re2 {[%emt 0:04:16]} a5 {[%emt 0:02:32]} 26. Ng7 {[%emt 0:01:06]} Rb7 {[%emt 0:05:57]} 27. Bf5 {[%emt 0:02:58]} Re7 {[%emt 0:00:09]} 28. Kg3 {[%emt 0:00:22]} Bc7 {[%emt 0:03:33]} 29. Nh5 {[%emt 0:02:56]} Bxf5 {[%emt 0:04:28]} 30. Rxe7 {[%emt 0:00:03]} Kxe7 {[%emt 0:00:55]} 31. gxf5 {[%emt 0:00:03]} Bd8 {[%emt 0:01:51] [#]} 32. Kg4 $1 {[%emt 0:01:25]} Kd6 {[%emt 0:00:06] [#]} 33. Ng7 {[%emt 0:03:28]} (33. Ng3 $1 $16) 33... Kc5 {[%emt 0:00:38]} 34. Kh5 {[%emt 0:12:10]} Kd4 {[%emt 0:02:57]} 35. Kxh6 {[%emt 0:00:42]} Kc3 {[%emt 0:01:13]} 36. Ne8 {[%emt 0:00:26]} Kxc2 $11 {[%emt 0:02:48]} 37. Kg7 {[%emt 0:00:17]} d4 {[%emt 0:10:13]} 38. Nd6 {[%emt 0:04:37]} Bc7 {[%emt 0:00:11]} 39. Ne4 {[%emt 0:02:25]} Kd3 {[%emt 0:08:21]} 40. Nc5+ {[%emt 0:00:21]} Ke3 {[%emt 0:00:13]} 41. h4 {[%emt 0:05:42]} Bd6 {[%emt 0:00:59]} 42. Na4 {[%emt 0:00:02]} Kxf4 {[%emt 0:02:03]} 43. h5 {[%emt 0:02:39]} Kxf5 {[%emt 0:03:14]} 44. h6 {[%emt 0:02:26]} Kg5 {[%emt 0:00:26]} 45. Nb2 {[%emt 0:01:16]} f5 {[%emt 0:01:24]} 46. Nc4 {[%emt 0:00:15]} Be7 {[%emt 0:05:35]} 47. Kxf7 {[%emt 0:00:03]} Bf6 {[%emt 0:00:17]} 48. Nxa5 {[%emt 0:01:32]} d3 {[%emt 0:01:40]} 49. Nc4 {[%emt 0:00:39]} Bc3 {[%emt 0:00:14]} 50. h7 {[%emt 0:00:03]} f4 {[%emt 0:00:41]} 51. Nd2 {[%emt 0:01:18]} Kg4 {[%emt 0:01:27]} 52. Ne4 {[%emt 0:02:32]} Bd4 {[%emt 0:02:07]} 53. Nf2+ {[%emt 0:00:14]} Kf5 {[%emt 0:00:03]} 54. Nxd3 {[%emt 0:00:11]} f3 {[%emt 0:00:01]} 55. a4 {[%emt 0:01:03]} Ke4 {[%emt 0:00:16]} 56. Nf2+ {[%emt 0:00:16]} Kd5 {[%emt 0:03:06]} 57. Ke7 {[%emt 0:00:07]} Kc5 {[%emt 0:00:24]} 58. Nd3+ {[%emt 0:00:45]} Kb6 {[%emt 0:00:16]} 59. Kd6 {[%emt 0:00:21]} c5 {[%emt 0:01:32]} 60. Kd5 {[%emt 0:00:33]} Ka5 {[%emt 0:00:02]} 61. b4+ {[%emt 0:00:51]} Kxa4 {[%emt 0:00:43]} 62. bxc5 {[%emt 0:00:02]} Bg7 {[%emt 0:00:53]} 63. c6 {[%emt 0:00:08]} 1-0

[Event "1st Gujarat GM Open 2018"]
[Site "Ahmedabad"]
[Date "2018.10.10"]
[Round "8"]
[White "Konguvel, Ponnuswamy"]
[Black "Mahindrakar Indrajeet"]
[Result "1/2-1/2"]
[WhiteElo "2325"]
[BlackElo "2107"]
[Annotator "TA"]
[PlyCount "65"]
[EventDate "2018.10.05"]
[EventType "swiss"]
[EventCountry "IND"]
[SourceTitle "playchess.com"]
[Source "ChessBase"]
[SourceQuality "1"]

{[%evp 13,65,31,36,35,34,26,46,41,71,71,67,65,66,65,84,68,81,70,87,54,57,58,68,59,57,49,64,53,55,30,61,52,56,47,57,63,67,56,67,65,70,0,0,0,0,0,0,0,0,0,0,0,0,0]} 1. e4 e6 2. d4 d5 3. Nd2 c5 4. exd5 exd5 5. Ngf3 a6 6. Be2 Nc6 7. O-O Bd6 8. dxc5 {C08: French Tarrasch: 3...c5 4 exd5 exd5 sidelines} Bxc5 9. Nb3 Ba7 (9... Bb6 10. c4 Nge7 11. c5 Bc7 12. Bd3 h6 13. h3 O-O 14. Re1 Bf5 15. Nfd4 Be4 {½-½ (55) Mamedov,R (2688)-Nyzhnyk,I (2613) chess.com INT 2017}) 10. Re1 {White is slightly better.} Nge7 11. c3 O-O 12. Bd3 Qd6 13. Be3 Bb8 $146 ({Predecessor:} 13... Bxe3 14. Rxe3 Bf5 15. Bxf5 Nxf5 {1-0 (46) Naiditsch,A (2150)-Wyrwich,T Duesseldorf 1997}) 14. g3 h6 15. Bc5 Qf6 16. Nbd4 {And now Nxc6 would win.} Bd6 17. Bxd6 Qxd6 18. Bf1 Bg4 19. Bg2 Rac8 20. Qd2 Rfd8 21. Re3 Nxd4 22. Nxd4 Nc6 23. Rae1 Nxd4 24. Qxd4 Be6 25. Bf1 b5 26. Rd1 Rc6 27. Qe5 (27. a3 $14) 27... Qxe5 $1 $11 {The position is equal.} 28. Rxe5 d4 29. a3 Rcd6 30. cxd4 Rxd4 31. Rxd4 Rxd4 32. f3 Rd1 {[#] White must now prevent ...Bh3.} 33. Kf2 {Precision: White = 70%, Black = 47%.} 1/2-1/2